| 000 | 00410 a2200109 4500 | ||
|---|---|---|---|
| 245 |
_aAn Outline of American history _hprint |
||
| 100 | _aUnited States Information Service | ||
| 650 | _aAMERICAN HISTORY | ||
| 005 | 20191017172545.0 | ||
| 260 |
_adcu _bU. S. Information Agency _c1965] |
||
| 084 | _aE178 .W6 | ||
| 300 |
_a246 p. illus., maps. ports. 21 x 27 cm. _b246 p. illus., maps. ports. 21 x 27 cm. _c246 p. illus., maps. ports. 21 x 27 cm. |
||
| 999 |
_c9050 _d9050 |
||